[Event "CHN-ch blitz (Women)"]
[Site "Shenyang"]
[Date "2019.12.18"]
[Round "2"]
[White "Zhao, Shengxin"]
[Black "Li, Yunshan"]
[Result "1-0"]
[WhiteElo "2080"]
[BlackElo "1962"]
[PlyCount "91"]
[EventDate "2019.12.18"]
[EventType "swiss (blitz)"]
[EventRounds "9"]
[EventCountry "CHN"]
[SourceTitle "CBM 193 Extra"]
[Source "ChessBase"]
[SourceDate "2020.01.31"]
[SourceVersion "1"]
[SourceVersionDate "2020.01.31"]
[SourceQuality "1"]

1. d4 d5 2. c4 Bf5 3. Nc3 e6 4. cxd5 exd5 5. Qb3 Nc6 6. Nxd5 Be6 7. e4 Bb4+ 8. Bd2 Bxd2+ 9. Kxd2 Nge7 10. Bc4 Nxd4 11. Qd3 Ndc6 12. Nf3 0-0 13. Rad1 Bxd5 14. exd5 Nb4 15. Qe4 c6 16. Kc1 cxd5 17. Qe1 Qa5 18. Bb3 Nxa2+ 19. Kb1 Nb4 20. Qxe7 Rfe8 21. Qh4 Re2 22. Ng5 h6 23. Nf3 Nc6 24. Nd4 Nxd4 25. Qxd4 Rd8 26. Rhf1 Qb5 27. Qd3 Qxd3+ 28. Rxd3 d4 29. g4 b5 30. h4 a5 31. f4 a4 32. Ba2 b4 33. Bc4 Re4 34. g5 hxg5 35. fxg5 Rd7 36. g6 Rxh4 37. gxf7+ Kf8 38. Re1 Re7 39. Rxe7 Kxe7 40. Rd1 Re4 41. Rf1 Kf8 42. Rh1 Ke7 43. Rh8 Re1+ 44. Kc2 b3+ 45. Kd2 Rg1 46. f8Q+ 1-0